000
00295nam a2200121Ia 4500
008
190216s9999||||xx |||||||||||||| ||und||
100
_a
Sherlekar
245
0
_a
Principles Of Business Management
260
_b
Himalaya Publishing House
_c
1979
300
_a
416p
650
_a
Commerce
942
_c
BK
999
_c
4598
_d
4598